Verejná obchodná spoločnosť
Charakter verejnej obchodnej spoločnosti. Príbuznosť s nesubjektívnymi formami podnikania. Základné vymedzenie v zákone. Daňové súvislosti. Obsahové náležitosti spoločenskej zmluvy. Práva a povinnosti spoločníkov. Prevod podielov. Dohodnutie vkladovej povinnosti spoločníkov. Pojem obchodné vedenie....
Salvato in:
| Autore principale: | |
|---|---|
| Natura: | Capitolo di libro |
| Lingua: | slovacco |
| Soggetti: | |
| Tags: |
Nessun Tag, puoi essere il primo ad aggiungerne!!
|
MARC
| LEADER | 00000naa a2200000 4500 | ||
|---|---|---|---|
| 001 | r025163 | ||
| 005 | 20230919112702.0 | ||
| 041 | 0 | |a slo | |
| 044 | |a SK | ||
| 245 | 1 | 0 | |a Verejná obchodná spoločnosť |c Mária Patakyová |
| 520 | |a Charakter verejnej obchodnej spoločnosti. Príbuznosť s nesubjektívnymi formami podnikania. Základné vymedzenie v zákone. Daňové súvislosti. Obsahové náležitosti spoločenskej zmluvy. Práva a povinnosti spoločníkov. Prevod podielov. Dohodnutie vkladovej povinnosti spoločníkov. Pojem obchodné vedenie. Deľba zisku. Pristúpenie alebo vystúpenie spoločníka zmenou spoločenskej zmluvy. | ||
| 610 | 2 | 0 | |a spoločnosti v.o.s. |
| 610 | 2 | 0 | |a spoločníci |
| 610 | 2 | 0 | |a zmluvy spoločenské |
| 610 | 2 | 0 | |a likvidácia |
| 610 | 2 | 0 | |a spoločnosti obchodné |
| 610 | 2 | 0 | |a vklady |
| 610 | 2 | 0 | |a zisk |
| 610 | 2 | 0 | |a podiely na zisku |
| 610 | 2 | 0 | |a ručenie |
| 610 | 2 | 0 | |a úpravy právne |
| 610 | 2 | 0 | |a podnikanie |
| 610 | 2 | 0 | |a dane |
| 100 | 1 | |a Patakyová, Mária | |